00487nam a2200121Ia 4500008004100000082001800041100002000059245007600079260005200155365000600207630007600213730007600289100415s9999 xx 000 0 und d b18954a598.12 aPETERS JAMES A. aCatalogue of the neotropical squamata part I - snakes: (OVERSIZED BOOK) aWASHINGTONc1970bSMITHSONIAN INSTITUTION PRESS b0 aCatalogue of the neotropical squamata part I - snakes: (OVERSIZED BOOK) aCatalogue of the neotropical squamata part I - snakes: (OVERSIZED BOOK)